Physics for you (Record no. 25904)

MARC details
000 -LEADER
fixed length control field 00653nam a22001937a 4500
005 - DATE AND TIME OF LATEST TRANSACTION
control field 2009042909599.0
008 - FIXED-LENGTH DATA ELEMENTS--GENERAL INFORMATION
fixed length control field 090429t xxu||||| |||| 00| 0 eng d
037 ## - SOURCE OF ACQUISITION
Source of stock number/acquisition DPL/DBAD
040 ## - CATALOGING SOURCE
Original cataloging agency dpl
Transcribing agency dbad
082 ## - DEWEY DECIMAL CLASSIFICATION NUMBER
Classification number 530
245 ## - TITLE STATEMENT
Title Physics for you
260 ## - PUBLICATION, DISTRIBUTION, ETC. (IMPRINT)
Place of publication, distribution, etc New Delhi
Name of publisher, distributor, etc Mahabir Singh, MTG Learning Media
Date of publication, distribution, etc 2009-
300 ## - PHYSICAL DESCRIPTION
Extent v.
Dimensions 24 cm
310 ## - CURRENT PUBLICATION FREQUENCY
Current publication frequency monthly
650 ## - SUBJECT ADDED ENTRY--TOPICAL TERM
Topical term or geographic name as entry element Physics
270 ## - ADDRESS
Address 406, Taj Apartment, Near Safdarjung Hospital, Ring Road`
City New Delhi
Postal code 110029
Telephone number 46686000
Electronic mail address info@mtg.in
942 ## - ADDED ENTRY ELEMENTS (KOHA)
Source of classification or shelving scheme Dewey Decimal Classification
Item type Periodicals
Classification part 530
Call number suffix PHY
Serial record 1
Holdings
Withdrawn status Lost status Source of classification or shelving scheme Damaged status Not for loan Collection code Home library Current library Date acquired Total Checkouts Full call number Date last seen Price effective from Koha item type
    Dewey Decimal Classification   Not For Loan Non-fiction D.B.Act.Division D.B.Act.Division 29/04/2009   530 PHY 29/04/2009 29/04/2009 Periodicals

© Delhi Public Library
Hit Counter
free hit counter